LDR 00835naa#a2200169#i#450# 001 EN\\bibl\20319 005 20260701235445.3 100 ## _a20260630b2026####ek#y0engy0150####ca 102 ## _aRU 200 1# _aTHE USE OF UNMANNED AERIAL VEHICLES IN FIGHTING FOREST FIRES _eConference article/thesis 210 1# _aVoronezh _cFSBE Institution of Higher Education Voronezh State University of Forestry and Technologies named after G.F. Morozov _d2026 215 ## _a5 с. 608 ## _aConference article/thesis _2local 675 ## _aбеспилотные. 623.746.4-519 _aИзвещение о пожаре. Пожарная тревога. Техника и тактика тушения пожара. Организация тушения пожара. 614.842 _z 700 #1 _aZhuravleva _gO. A. 700 #1 _aAkimenko _gAndrey Vladimirovich 856 4# _abibl.vgltu.ru _u